Score 0/20 Timer 02:00
0 Plays Today
Question Answer Wrong Answers
3. Is he a Bond Villain or a Televangelist? ???
100%
???
0%
13. Is he a Bond Villain or a Televangelist? ???
97.7%
???
2.3%
7. Is he a Bond Villain or a Televangelist? ???
97.7%
???
2.3%
18. Is he a Bond Villain or a Televangelist? ???
97.7%
???
2.3%
8. Is he a Bond Villain or a Televangelist? ???
93%
???
7%
2. Is he a Bond Villain or a Televangelist? ???
93%
???
7%
6. Is he a Bond Villain or a Televangelist? ???
93%
???
7%
20. Is he a Bond Villain or a Televangelist? ???
90.7%
???
9.3%
15. Is he a Bond Villain or a Televangelist? ???
90.7%
???
9.3%
16. Is he a Bond Villain or a Televangelist? ???
90.7%
???
9.3%
1. Is he a Bond Villain or a Televangelist? ???
88.4%
???
11.6%
9. Is he a Bond Villain or a Televangelist? ???
88.4%
???
11.6%
14. Is he a Bond Villain or a Televangelist? ???
83.7%
???
16.3%
12. Is he a Bond Villain or a Televangelist? ???
83.7%
???
16.3%
10. Is he a Bond Villain or a Televangelist? ???
81.4%
???
18.6%
17. Is he a Bond Villain or a Televangelist? ???
81.4%
???
18.6%
11. Is he a Bond Villain or a Televangelist? ???
81.4%
???
18.6%
4. Is he a Bond Villain or a Televangelist? ???
72.1%
???
27.9%
19. Is he a Bond Villain or a Televangelist? ???
65.1%
???
34.9%
5. Is he a Bond Villain or a Televangelist? ???
39.5%
???
60.5%
Remove Ads.
Support Sporcle.
Get the best of Sporcle when you Go Orange. This ad-free experience offers more features, more stats, and more fun while also helping to support Sporcle. Thank you for becoming a member.

You're not logged in!

Compare scores with friends on all Sporcle quizzes.
OR
Log In

Sporcle TV

Today on Sporcle TV


Watch our educational content, quiz creation guides, and fun videos on Sporcle TV.

Show Comments

Extras

Top Quizzes Today


Score Distribution

Paid Content

Your Account Isn't Verified!

In order to create a playlist on Sporcle, you need to verify the email address you used during registration. Go to your Sporcle Settings to finish the process.

Report this User

Report this user for behavior that violates our Community Guidelines.

Details: